000 00646nam a2200145Ia 4500
008 220620s9999||||xx |||||||||||||| ||und||
020 _a978-88-6887-124-6
100 _aDavino, Cristina
245 0 _aStat.Edu’21 - New Perspectives in Statistics Education. Proceedings of the International Conference Stat.Edu’21
546 _aEnglish[eng]
650 _atechnology-based platforms, adaptive learning systems, statistical methods, statistics anxiety, higher education
700 _aDavino, Cristina||Fabbricatore, Rosa||Parola, Anna
856 _uhttp://www.fedoabooks.unina.it/index.php/fedoapress/catalog/book/313
942 _cEB
999 _c28848
_d28848